Yhdistetyt valtiot #5 - Statistics

Yleistilastot
  • Tätä visaa on pelattu 2 162 kertaa
  • Keskiarvotulos 13 / 20
Vastaukset kartalla
Vastauksille on annettu kartalla punavihreä väri sen mukaan, kuinka moni on saanut sen oikein.
 
Vastaustilastot
Yhdistetyt valtiot % Oikein
Kiina
90%
Suomi
86%
Etelä-Korea
80%
Mongolia
80%
Ruotsi
79%
Argentiina
77%
Pohjois-Korea
77%
Venäjä
77%
Uruguay
75%
Kolumbia
70%
Venezuela
68%
Bulgaria
67%
Serbia
67%
Georgia
62%
Niger
61%
Indonesia
53%
Burkina Faso
52%
Malesia
49%
Botswana
39%
Zimbabwe
38%
Ehtoja vastaavia visoja ei löytynyt
Tulosjakauma
Jokaisen tuloksen saaneiden osuus
Persentiili vastausten määrän mukaan
Tuloshistoriasi
Et ole pelannut tätä visaa